00575nam a2200193Ii 450000100060000000300090000600800410001502000150005604000330007104100080010408200180011210000400013024500390017026400790020930000120028833600260030033700280032633800270035412877CO-ViMGA241108s9999||||xx |||||||||||||| ||und|| a8474790980 aCO-ViMGAbspaerdacCO-ViMGA0 aunk04aR 633.03 S15d1 aEnrique Sánchez Monge y Parellada10aDiccionario de Plantas Agrícolas 1a[Lugar de publicación no identificado] : Ministerio de Agricultura, 1981 avolumen atextbtxt2rdacontent aunmediatedbn2rdamedia avolumebnc2rdacarrier